[Event "Thüringenliga 2025/26"]
[Site "?"]
[Date "2025.12.14"]
[Round "4.1"]
[White "Meitzner, Jonathan Franz"]
[Black "Seinsoth, Paul"]
[Result "0-1"]
[WhiteElo "1814"]
[BlackElo "2031"]
[WhiteFideId "-1"]
[BlackFideId "-1"]
[PlyCount "90"]
[GameId "2256197011910882"]
[EventDate "2025.09.14"]
[EventType "team-tourn"]
[EventRounds "9"]
[SourceTitle "Thueringer Schachbund"]
[Source "ThSB"]
[SourceDate "2025.09.14"]
[SourceVersion "1"]
[SourceVersionDate "2025.09.14"]
[SourceQuality "1"]
[WhiteTeam "SC Rochade Leinefelde"]
[BlackTeam "Erfurter SK 2"]

1. Nf3 Nf6 2. e3 g6 3. c4 Bg7 4. Nc3 O-O 5. Be2 c5 6. O-O Nc6 7. d4 cxd4 8. exd4 d5 9. b3 Bg4 10. h3 Bxf3 11. Bxf3 dxc4 12. Bxc6 bxc6 13. bxc4 c5 14. d5 Nxd5 15. Nxd5 Bxa1 16. Bg5 Bf6 17. Bxf6 exf6 18. Qa1 Kg7 19. g4 h6 20. f4 Qd6 21. Kg2 Rae8 22. Rf2 Re4 23. Qc3 Rd4 24. g5 hxg5 25. fxg5 fxg5 26. Ne3 f6 27. Nd5 Rxd5 28. cxd5 Qxd5+ 29. Kh2 Qe5+ 30. Qxe5 fxe5 31. Rc2 Rc8 32. Rc4 Kf6 33. Kg3 Ke6 34. Kf3 Kd5 35. Rc1 Kd4 36. Rd1+ Kc3 37. Rc1+ Kb2 38. Rc4 Kxa2 39. Ra4+ Kb2 40. Rxa7 c4 41. Ke4 c3 42. Rb7+ Kc1 43. Kxe5 c2 44. Kf6 Kd1 45. Rd7+ Ke2 0-1

[Event "Thüringenliga 2025/26"]
[Site "?"]
[Date "2025.12.14"]
[Round "4.2"]
[White "Zitzelsberger, Philipp"]
[Black "Kachel, Alfred"]
[Result "1-0"]
[WhiteElo "1936"]
[BlackElo "1835"]
[WhiteFideId "-1"]
[BlackFideId "-1"]
[PlyCount "83"]
[GameId "2256197011976419"]
[EventDate "2025.09.14"]
[EventType "team-tourn"]
[EventRounds "9"]
[SourceTitle "Thueringer Schachbund"]
[Source "ThSB"]
[SourceDate "2025.09.14"]
[SourceVersion "1"]
[SourceVersionDate "2025.09.14"]
[SourceQuality "1"]
[WhiteTeam "Erfurter SK 2"]
[BlackTeam "SC Rochade Leinefelde"]

{[%evp 0,39,19,39,57,65,65,65,90,60,61,49,58,68,78,75,93,81,81,71,72,65,58,55,60,37,41,15,15,15,15,15,48,56,47,40,61,39,103,76,61,39]} 1. e4 c6 2. d4 d5 3. e5 g6 4. Bd3 Bg7 5. Nf3 Bg4 6. Nbd2 e6 7. h3 Bxf3 8. Nxf3 Nd7 9. O-O Ne7 10. Re1 c5 11. c3 Nc6 12. b3 O-O 13. h4 cxd4 14. cxd4 Qb6 15. Bb2 f6 16. exf6 Rxf6 17. h5 Raf8 18. hxg6 Rxf3 19. gxh7+ Kh8 20. gxf3 Nxd4 21. Re3 Nxf3+ 22. Rxf3 Bxb2 23. Rxf8+ Nxf8 24. Qf3 Qd8 25. Qf7 Qg5+ 26. Kf1 Qg7 27. Qxg7+ Kxg7 28. Rb1 Bd4 29. Ke2 Kh8 30. Rg1 Bg7 31. f4 Nd7 32. Bc2 b6 33. Bd3 a5 34. Rc1 Nc5 35. Bb1 Bb2 36. Rg1 Bg7 37. Kf3 d4 38. Ke2 b5 39. Rg5 d3+ 40. Bxd3 Nxd3 41. Kxd3 b4 42. Rxa5 1-0

[Event "Thüringenliga 2025/26"]
[Site "?"]
[Date "2025.12.14"]
[Round "4.3"]
[White "May, Alexander"]
[Black "Duzy, Stefan"]
[Result "0-1"]
[WhiteElo "1903"]
[BlackElo "1987"]
[WhiteFideId "-1"]
[BlackFideId "-1"]
[PlyCount "102"]
[GameId "2256197012017380"]
[EventDate "2025.09.14"]
[EventType "team-tourn"]
[EventRounds "9"]
[SourceTitle "Thueringer Schachbund"]
[Source "ThSB"]
[SourceDate "2025.09.14"]
[SourceVersion "1"]
[SourceVersionDate "2025.09.14"]
[SourceQuality "1"]
[WhiteTeam "SC Rochade Leinefelde"]
[BlackTeam "Erfurter SK 2"]

1. d4 e6 2. Nf3 Nf6 3. e3 b6 4. Bd3 Bb7 5. O-O c5 6. c4 cxd4 7. exd4 d5 8. b3 Nc6 9. Bb2 Be7 10. Nbd2 O-O 11. Rc1 Rc8 12. Ne5 dxc4 13. Nxc6 Bxc6 14. bxc4 Qd7 15. Nf3 Qb7 16. Ne1 b5 17. c5 Nd5 18. Qd2 a5 19. f4 Nb4 20. Bb1 Be4 21. a3 Bxb1 22. Rxb1 Nc6 23. Bc3 Rfd8 24. Qb2 Nxd4 25. Nd3 Qe4 26. Nf2 Qxf4 27. Bxa5 Rd5 28. Kh1 Rh5 29. Nh3 Qe4 30. Rbe1 Qa8 31. Qxd4 Qxa5 32. Qd7 Qc7 33. Qxb5 Qxc5 34. Qxc5 Rhxc5 35. Ra1 Ra5 36. a4 g5 37. Rfb1 Rc4 38. Rb7 Bf6 39. Rf1 Kg7 40. g3 Rcxa4 41. Kg2 Ra2+ 42. Rf2 h5 43. Rd7 Rxf2+ 44. Nxf2 Ra2 45. h3 Bc3 46. Kf3 Kg6 47. Ne4 Bb4 48. Rd8 f5 49. Rg8+ Kf7 50. Rxg5 fxe4+ 51. Kxe4 Ra5 0-1

[Event "Thüringenliga 2025/26"]
[Site "?"]
[Date "2025.12.14"]
[Round "4.4"]
[White "Rüther, Rudolf"]
[Black "Körner, Jonas"]
[Result "1-0"]
[WhiteElo "1985"]
[BlackElo "1889"]
[WhiteFideId "-1"]
[BlackFideId "-1"]
[PlyCount "87"]
[GameId "2256197012050149"]
[EventDate "2025.09.14"]
[EventType "team-tourn"]
[EventRounds "9"]
[SourceTitle "Thueringer Schachbund"]
[Source "ThSB"]
[SourceDate "2025.09.14"]
[SourceVersion "1"]
[SourceVersionDate "2025.09.14"]
[SourceQuality "1"]
[WhiteTeam "Erfurter SK 2"]
[BlackTeam "SC Rochade Leinefelde"]

1. d4 Nf6 2. c4 e6 3. Nc3 Bb4 4. e3 O-O 5. Bd3 d5 6. Nf3 dxc4 7. Bxc4 c5 8. O-O cxd4 9. exd4 b6 10. Bg5 h6 11. Bh4 Bb7 12. Qe2 Bxc3 13. bxc3 Nbd7 14. Rac1 Rc8 15. Bd3 Qe7 16. Rfe1 g5 17. Bg3 Nh5 18. Bb1 Nxg3 19. hxg3 Bxf3 20. gxf3 Qd6 21. c4 Nf6 22. Qe3 Rfd8 23. Red1 Kg7 24. Be4 Qb4 25. Bd3 Qd6 26. Be2 Qd7 27. Qb3 Qe7 28. Qb2 Kg8 29. a4 Rb8 30. Ra1 a6 31. Qc3 a5 32. Rab1 Qe8 33. Rb5 Nd7 34. Qe3 Qe7 35. Kg2 Qf6 36. Qe4 Qe7 37. f4 Nf6 38. Qe3 Nd7 39. fxg5 e5 40. gxh6 Qf6 41. dxe5 Qc6+ 42. Bf3 Qxc4 43. Qg5+ Kf8 44. h7 1-0

[Event "Thüringenliga 2025/26"]
[Site "?"]
[Date "2025.12.14"]
[Round "4.5"]
[White "Meitzner, Johan Eduard"]
[Black "Apel, Linus"]
[Result "1/2-1/2"]
[WhiteElo "1701"]
[BlackElo "1910"]
[WhiteFideId "-1"]
[BlackFideId "-1"]
[PlyCount "60"]
[GameId "2256197012091110"]
[EventDate "2025.09.14"]
[EventType "team-tourn"]
[EventRounds "9"]
[SourceTitle "Thueringer Schachbund"]
[Source "ThSB"]
[SourceDate "2025.09.14"]
[SourceVersion "1"]
[SourceVersionDate "2025.09.14"]
[SourceQuality "1"]
[WhiteTeam "SC Rochade Leinefelde"]
[BlackTeam "Erfurter SK 2"]

{[%evp 0,60,19,27,19,10,37,10,10,-8,-5,-5,-9,-23,9,15,26,-24,-4,-6,2,8,33,22,25,10,40,25,32,36,42,47,69,9,55,37,168,134,155,156,164,173,171,-8,-42,-37,-32,-33,72,79,74,30,24,-21,44,43,53,52,39,44,62,32,74]} 1. Nf3 d5 2. e3 c5 3. c4 e6 4. b3 Nc6 5. cxd5 exd5 6. d4 Bg4 7. Be2 Nf6 8. Bb2 cxd4 9. Nxd4 Bxe2 10. Nxe2 Bc5 11. O-O O-O 12. Na3 Qe7 13. Nc2 Rfd8 14. Ncd4 Rac8 15. Rc1 Ne5 16. Nf5 Qe8 17. b4 Bxb4 18. Qd4 Nc6 19. Rxc6 Rxc6 20. Qxb4 Rb6 21. Qd4 Qb5 22. Bc3 Qxe2 23. Ba5 Qxa2 24. Bxb6 axb6 25. Qxb6 Rd7 26. Rc1 h6 27. Nxh6+ Kh7 28. Nf5 Ne4 29. Rf1 Qc4 30. Qb2 f6 1/2-1/2

[Event "Thüringenliga 2025/26"]
[Site "?"]
[Date "2025.12.14"]
[Round "4.6"]
[White "Sunderbrink, Heino"]
[Black "Frank, Thomas"]
[Result "1/2-1/2"]
[WhiteElo "1916"]
[BlackElo "1831"]
[WhiteFideId "-1"]
[BlackFideId "-1"]
[PlyCount "68"]
[GameId "2256197012127975"]
[EventDate "2025.09.14"]
[EventType "team-tourn"]
[EventRounds "9"]
[SourceTitle "Thueringer Schachbund"]
[Source "ThSB"]
[SourceDate "2025.09.14"]
[SourceVersion "1"]
[SourceVersionDate "2025.09.14"]
[SourceQuality "1"]
[WhiteTeam "Erfurter SK 2"]
[BlackTeam "SC Rochade Leinefelde"]

1. Nf3 Nf6 2. g3 g6 3. b3 Bg7 4. Bb2 c5 5. c4 Nc6 6. Bg2 O-O 7. O-O d6 8. d3 a6 9. Nbd2 Rb8 10. e3 Qc7 11. Qe2 b6 12. Rac1 Bg4 13. h3 Bd7 14. Ba1 e6 15. d4 Rfe8 16. Rfd1 Ne7 17. e4 Bc6 18. e5 Nd7 19. exd6 Qxd6 20. dxc5 Qxc5 21. Bxg7 Kxg7 22. Ne4 Bxe4 23. Qxe4 Nf6 24. Qe5 Qxe5 25. Nxe5 Red8 26. g4 h6 27. Kf1 Kf8 28. Ke2 Ke8 29. Rxd8+ Rxd8 30. Bb7 a5 31. f3 Nd7 32. Nc6 Nxc6 33. Bxc6 Ke7 34. Rd1 Ne5 1/2-1/2

[Event "Thüringenliga 2025/26"]
[Site "?"]
[Date "2025.12.14"]
[Round "4.7"]
[White "Hellrung, Bernhard"]
[Black "Tran, Anh Duc Kevin"]
[Result "1-0"]
[WhiteElo "1775"]
[BlackElo "1852"]
[WhiteFideId "-1"]
[BlackFideId "-1"]
[PlyCount "87"]
[GameId "2256197012164840"]
[EventDate "2025.09.14"]
[EventType "team-tourn"]
[EventRounds "9"]
[SourceTitle "Thueringer Schachbund"]
[Source "ThSB"]
[SourceDate "2025.09.14"]
[SourceVersion "1"]
[SourceVersionDate "2025.09.14"]
[SourceQuality "1"]
[WhiteTeam "SC Rochade Leinefelde"]
[BlackTeam "Erfurter SK 2"]

1. e4 c6 2. Nc3 d5 3. Qf3 d4 4. Bc4 e6 5. Nce2 c5 6. Qg3 Nc6 7. a3 Nf6 8. d3 b5 9. Ba2 h5 10. Bg5 Be7 11. Nf3 h4 12. Qf4 Qa5+ 13. Qd2 Qxd2+ 14. Bxd2 h3 15. g3 Ng4 16. O-O Bb7 17. b4 O-O-O 18. bxc5 Bxc5 19. Bg5 Rde8 20. Rfb1 a6 21. Bf4 e5 22. Bxf7 Re7 23. Bg6 Nxh2 24. Kxh2 exf4 25. Nxf4 Kb8 26. Bf5 Bc8 27. Bxc8 Kxc8 28. Ng6 Rf7 29. Nxh8 Rxf3 30. Rf1 Ne5 31. Kxh3 Rf8 32. Kg2 Rxh8 33. a4 b4 34. Rh1 Rf8 35. Rh5 Bd6 36. Rah1 Kd7 37. Rg5 g6 38. Rh7+ Kc6 39. f4 b3 40. cxb3 Nxd3 41. Rxg6 Kc5 42. Rh5+ Kb4 43. Rxd6 Rxf4 44. Rxd4+ 1-0

[Event "Thüringenliga 2025/26"]
[Site "?"]
[Date "2025.12.14"]
[Round "4.8"]
[White "Heitmann, Erik"]
[Black "Pfitzenreuter, Gerald"]
[Result "1/2-1/2"]
[WhiteElo "1835"]
[BlackElo "1852"]
[WhiteFideId "-1"]
[BlackFideId "-1"]
[PlyCount "82"]
[GameId "2256197012201705"]
[EventDate "2025.09.14"]
[EventType "team-tourn"]
[EventRounds "9"]
[SourceTitle "Thueringer Schachbund"]
[Source "ThSB"]
[SourceDate "2025.09.14"]
[SourceVersion "1"]
[SourceVersionDate "2025.09.14"]
[SourceQuality "1"]
[WhiteTeam "Erfurter SK 2"]
[BlackTeam "SC Rochade Leinefelde"]

1. d4 d5 2. c4 e6 3. Nc3 c6 4. e3 Nf6 5. Nf3 Nbd7 6. Qc2 Bd6 7. Bd3 O-O 8. O-O dxc4 9. Bxc4 e5 10. Rd1 Qe7 11. e4 exd4 12. Nxd4 Ne5 13. Be2 Rd8 14. h3 Ng6 15. Be3 Bf4 16. Bxf4 Nxf4 17. Bf3 Ng6 18. Qe2 Ne5 19. b3 Be6 20. Qe3 Nxf3+ 21. Nxf3 Nd7 22. Rd2 Nb6 23. Rad1 h6 24. Nd4 Re8 25. Nxe6 Qxe6 26. Rd6 Qe7 27. Qg3 Qe5 28. Qxe5 Rxe5 29. f4 Re7 30. a4 a5 31. Rd8+ Re8 32. R8d6 Re7 33. Kf2 Kf8 34. Ke3 Ke8 35. e5 Rd7 36. Rxd7 Nxd7 37. Ne4 Rb8 38. Nd6+ Kf8 39. Nxf7 Nc5 40. Nd8 Ke7 41. Rc1 Nxb3 1/2-1/2

[Event "Thüringenliga 2025/26"]
[Site "?"]
[Date "2025.12.14"]
[Round "4.1"]
[White "Machelett, Heiko"]
[Black "Franke, Luca"]
[Result "1/2-1/2"]
[WhiteElo "2290"]
[BlackElo "2061"]
[WhiteFideId "-1"]
[BlackFideId "-1"]
[PlyCount "95"]
[GameId "2257617472288042"]
[EventDate "2025.09.14"]
[EventType "team-tourn"]
[EventRounds "9"]
[SourceTitle "Thueringer Schachbund"]
[Source "ThSB"]
[SourceDate "2025.09.14"]
[SourceVersion "1"]
[SourceVersionDate "2025.09.14"]
[SourceQuality "1"]
[WhiteTeam "TSG Apolda"]
[BlackTeam "SV 1861 Liebschwitz"]

{[%evp 0,95,19,19,19,-3,22,-38,-17,-10,-8,-15,2,2,-7,-2,-2,11,11,17,17,17,17,-3,48,48,46,43,80,68,101,67,65,65,64,59,53,52,66,67,65,66,105,93,101,102,102,84,92,93,93,90,91,82,81,72,98,55,104,88,82,89,82,68,95,80,78,87,78,68,60,66,61,41,69,81,71,32,33,55,31,33,33,33,28,36,34,33,41,40,40,38,30,30,27,28,28,28]} 1. Nf3 Nf6 2. g3 g6 3. b3 Bg7 4. Bb2 O-O 5. Bg2 c5 6. c4 Nc6 7. O-O d5 8. cxd5 Nxd5 9. Bxg7 Kxg7 10. d4 cxd4 11. Nxd4 Nxd4 12. Qxd4+ Nf6 13. Qe5 Kg8 14. Na3 Ng4 15. Qc3 Rb8 16. h3 Nf6 17. Rfd1 Qb6 18. Nc4 Qa6 19. Qa5 b6 20. Qb4 e6 21. e4 Bb7 22. Nd6 Ba8 23. Qd4 Ne8 24. Nc4 Rc8 25. a4 Qb7 26. Ne3 Qe7 27. a5 b5 28. a6 Qc5 29. Qxc5 Rxc5 30. Rac1 Rc7 31. e5 Bxg2 32. Kxg2 h5 33. f4 f6 34. exf6 Rxf6 35. Kf3 Kf8 36. Ke4 Ke7 37. Ke5 Rf8 38. g4 hxg4 39. hxg4 Rh8 40. f5 gxf5 41. gxf5 Rh5 42. Rh1 Rxc1 43. Rxh5 Nf6 44. Rg5 Nd7+ 45. Kd4 exf5 46. Rxf5 Ra1 47. Rh5 Rxa6 48. Rxb5 1/2-1/2

[Event "Thüringenliga 2025/26"]
[Site "?"]
[Date "2025.12.14"]
[Round "4.2"]
[White "Zeidler, Andreas"]
[Black "Goemann, Jens"]
[Result "1-0"]
[WhiteElo "2003"]
[BlackElo "2025"]
[WhiteFideId "-1"]
[BlackFideId "-1"]
[PlyCount "43"]
[GameId "2257617472316715"]
[EventDate "2025.09.14"]
[EventType "team-tourn"]
[EventRounds "9"]
[SourceTitle "Thueringer Schachbund"]
[Source "ThSB"]
[SourceDate "2025.09.14"]
[SourceVersion "1"]
[SourceVersionDate "2025.09.14"]
[SourceQuality "1"]
[WhiteTeam "SV 1861 Liebschwitz"]
[BlackTeam "TSG Apolda"]

{[%evp 0,43,19,19,27,-4,31,31,36,14,15,16,15,15,45,40,63,59,47,42,43,23,20,16,17,0,9,-47,-39,-43,-33,-124,-54,-60,-16,-5,196,222,232,227,229,207,211,214,232,229]} 1. d4 Nf6 2. c4 g6 3. Nf3 Bg7 4. g3 O-O 5. Bg2 c6 6. O-O d6 7. Nc3 Qa5 8. Bd2 Qh5 9. Re1 e5 10. dxe5 dxe5 11. Qc2 Na6 12. Ng5 h6 13. Nf3 Be6 14. b3 Rad8 15. Be3 b6 16. Rad1 Bf5 17. Qc1 Ne4 18. Nxe4 Bxe4 19. Rxd8 Rxd8 20. Qa3 Nc7 21. Qxa7 Ne6 22. Bxb6 1-0

[Event "Thüringenliga 2025/26"]
[Site "?"]
[Date "2025.12.14"]
[Round "4.3"]
[White "Kroh, Christian"]
[Black "Hermannsdörfer, Frank"]
[Result "0-1"]
[WhiteElo "1870"]
[BlackElo "2066"]
[WhiteFideId "-1"]
[BlackFideId "-1"]
[PlyCount "96"]
[GameId "2257617472337196"]
[EventDate "2025.09.14"]
[EventType "team-tourn"]
[EventRounds "9"]
[SourceTitle "Thueringer Schachbund"]
[Source "ThSB"]
[SourceDate "2025.09.14"]
[SourceVersion "1"]
[SourceVersionDate "2025.09.14"]
[SourceQuality "1"]
[WhiteTeam "TSG Apolda"]
[BlackTeam "SV 1861 Liebschwitz"]

{[%evp 0,96,20,20,75,69,80,36,36,36,93,29,41,27,68,70,68,36,39,18,24,15,15,-1,13,0,0,-30,-23,-55,-60,-40,-24,-6,50,36,45,33,57,1,31,52,98,68,102,47,86,48,55,-43,-51,-30,-33,-43,-25,-38,-13,0,-28,-36,20,-71,165,-162,-182,-215,-230,-234,-220,-348,-169,-386,-376,-421,-550,-688,-531,-523,-429,-524,-389,-406,-401,-449,-401,-460,-476,-591,-622,-686,-717,-942,-1004,-1015,-1042,-1107,-1070,-1157,-729]} 1. d4 d6 2. Nf3 g6 3. c4 Bg7 4. Nc3 e5 5. e4 Nc6 6. d5 Nce7 7. h3 f5 8. Bd3 Nf6 9. Bg5 h6 10. Bxf6 Bxf6 11. b4 O-O 12. Rc1 Bd7 13. Qc2 a5 14. a3 axb4 15. axb4 Qb8 16. O-O f4 17. c5 g5 18. Nh2 Ng6 19. Be2 Nh4 20. Bg4 Bxg4 21. Nxg4 h5 22. Nh2 Qe8 23. Qe2 Be7 24. f3 dxc5 25. Nb5 Qd7 26. Qc4 Kg7 27. bxc5 Ra5 28. c6 bxc6 29. dxc6 Qd2 30. Rf2 Qe3 31. Nf1 Qb6 32. Qe6 Ng6 33. Nxc7 Qxc7 34. Rd2 Rd8 35. Rcd1 Nf8 36. Qf5 Rxd2 37. Rxd2 Qxc6 38. h4 Qe6 39. hxg5 Qxf5 40. exf5 Bxg5 41. Re2 Nd7 42. Kh2 Ra1 43. Rd2 Nf6 44. Rf2 e4 45. fxe4 Ng4+ 46. Kg1 Nxf2 47. Kxf2 Bh4+ 48. g3 Bxg3+ 0-1

[Event "Thüringenliga 2025/26"]
[Site "?"]
[Date "2025.12.14"]
[Round "4.4"]
[White "Kastner, Peter"]
[Black "Maiwald, Harald"]
[Result "1/2-1/2"]
[WhiteElo "1971"]
[BlackElo "1994"]
[WhiteFideId "-1"]
[BlackFideId "-1"]
[PlyCount "42"]
[GameId "2257617472361773"]
[EventDate "2025.09.14"]
[EventType "team-tourn"]
[EventRounds "9"]
[SourceTitle "Thueringer Schachbund"]
[Source "ThSB"]
[SourceDate "2025.09.14"]
[SourceVersion "1"]
[SourceVersionDate "2025.09.14"]
[SourceQuality "1"]
[WhiteTeam "SV 1861 Liebschwitz"]
[BlackTeam "TSG Apolda"]

{[%evp 0,42,20,20,27,24,39,32,36,21,11,18,41,19,26,13,8,-7,-1,-1,-1,-3,4,-3,-3,-20,-23,-33,-62,-44,-29,-21,-11,-11,-15,-18,-7,-21,3,-30,-41,-37,-36,-37,-37]} 1. d4 Nf6 2. Nf3 g6 3. Bg5 Bg7 4. Nbd2 O-O 5. c3 d6 6. e3 Nbd7 7. h3 h6 8. Bxf6 Nxf6 9. Bd3 Re8 10. O-O e5 11. Qc2 Qe7 12. dxe5 dxe5 13. Bc4 e4 14. Nd4 c5 15. Ne2 Be6 16. Bxe6 Qxe6 17. Qb3 Qc6 18. a4 Nd7 19. Nc4 Ne5 20. Nxe5 Bxe5 21. Rfd1 Rad8 1/2-1/2

[Event "Thüringenliga 2025/26"]
[Site "?"]
[Date "2025.12.14"]
[Round "4.5"]
[White "Rohmeiß, Roberto"]
[Black "Kitzig, Tobias"]
[Result "0-1"]
[WhiteElo "1968"]
[BlackElo "1850"]
[WhiteFideId "-1"]
[BlackFideId "-1"]
[PlyCount "64"]
[GameId "2257617472382254"]
[EventDate "2025.09.14"]
[EventType "team-tourn"]
[EventRounds "9"]
[SourceTitle "Thueringer Schachbund"]
[Source "ThSB"]
[SourceDate "2025.09.14"]
[SourceVersion "1"]
[SourceVersionDate "2025.09.14"]
[SourceQuality "1"]
[WhiteTeam "TSG Apolda"]
[BlackTeam "SV 1861 Liebschwitz"]

{[%evp 0,64,20,20,24,26,29,18,17,23,17,25,27,9,20,-2,39,17,17,-45,-43,-67,-73,-50,-53,-48,-48,-55,-54,-71,-92,-104,-95,-91,-121,-119,-140,-153,-171,-178,-136,-128,-53,-49,481,-110,-139,-196,-226,-280,-257,-663,-759,-941,-517,-536,-556,-541,-568,-1388,-1423,-1428,-643,-716,-1148,-1436,-1168]} 1. d4 Nf6 2. Nf3 e6 3. Bf4 d5 4. e3 Bd6 5. Ne5 O-O 6. Nd2 c5 7. c3 b6 8. Bd3 Ba6 9. Bc2 Qc7 10. g4 Nfd7 11. Nxd7 Nxd7 12. Bxd6 Qxd6 13. Qf3 e5 14. Qh3 g6 15. dxe5 Nxe5 16. Nf3 Nxf3+ 17. Qxf3 d4 18. cxd4 cxd4 19. O-O-O d3 20. Bb3 Rfc8+ 21. Kb1 Rc7 22. Qg3 Qd7 23. h4 Rac8 24. a3 d2 25. h5 Qd3+ 26. Ka2 Bc4 27. Bxc4 Qxc4+ 28. Ka1 Qd5 29. Kb1 Rc1+ 30. Rxc1 Qd3+ 31. Ka2 Qd5+ 32. Kb1 Qe4+ 0-1

[Event "Thüringenliga 2025/26"]
[Site "?"]
[Date "2025.12.14"]
[Round "4.6"]
[White "Müller, Gunther"]
[Black "Schmidt, Matthias"]
[Result "0-1"]
[WhiteElo "1696"]
[BlackElo "1932"]
[WhiteFideId "-1"]
[BlackFideId "-1"]
[PlyCount "100"]
[GameId "2257617472398639"]
[EventDate "2025.09.14"]
[EventType "team-tourn"]
[EventRounds "9"]
[SourceTitle "Thueringer Schachbund"]
[Source "ThSB"]
[SourceDate "2025.09.14"]
[SourceVersion "1"]
[SourceVersionDate "2025.09.14"]
[SourceQuality "1"]
[WhiteTeam "SV 1861 Liebschwitz"]
[BlackTeam "TSG Apolda"]

{[%evp 0,100,38,-5,-9,1,38,38,38,11,12,17,46,43,56,28,43,18,35,43,51,49,42,36,50,52,60,73,49,23,25,20,21,24,21,17,15,15,40,13,10,14,-4,-54,-50,-86,-89,-67,-80,-66,-77,-68,-82,-98,-88,-98,-89,-133,-137,-136,-103,-97,-97,-106,-91,-99,-95,-106,-100,-130,-124,-115,-99,-121,-96,-115,-115,-134,-108,-142,-126,-129,-137,-141,-124,-144,-128,-158,-166,-168,-165,-164,-167,-262,-257,-249,-275,-277,-283,-280,-323,-406,-265]} 1. c4 Nf6 2. Nc3 g6 3. Nf3 Bg7 4. g3 d6 5. d4 Nbd7 6. Bg2 e5 7. O-O O-O 8. dxe5 dxe5 9. Qc2 c6 10. e4 Re8 11. h3 Nc5 12. Be3 Bf8 13. Rad1 Qc7 14. Kh2 a5 15. Rd2 Be6 16. b3 Rad8 17. Rfd1 Rxd2 18. Rxd2 Nh5 19. Qd1 Be7 20. Ng5 Bc8 21. Bf3 Nf6 22. Bg2 h6 23. Bxc5 Bxc5 24. Nf3 Bb4 25. Rc2 Bxc3 26. Rxc3 Nxe4 27. Re3 Nc5 28. Qe1 f6 29. Nd2 Be6 30. Ne4 Nxe4 31. Rxe4 Bf7 32. Re2 Rd8 33. Kg1 Rd4 34. Kh2 Qd8 35. Qc3 Rd3 36. Qb2 Qd6 37. Qc1 Kg7 38. h4 b6 39. Qc2 c5 40. Bd5 Rd4 41. Bg2 h5 42. Qc1 f5 43. Qe1 e4 44. Qc3 Kg8 45. Qe3 Rd1 46. Re1 Rd3 47. Qc1 Rd2 48. Kg1 Qd4 49. Rf1 Rxa2 50. Qf4 Rd2 0-1

[Event "Thüringenliga 2025/26"]
[Site "?"]
[Date "2025.12.14"]
[Round "4.7"]
[White "Stolz, Markus"]
[Black "Meissner, Steffen"]
[Result "1-0"]
[WhiteElo "1721"]
[BlackElo "1790"]
[WhiteFideId "-1"]
[BlackFideId "-1"]
[PlyCount "83"]
[GameId "2257617472419120"]
[EventDate "2025.09.14"]
[EventType "team-tourn"]
[EventRounds "9"]
[SourceTitle "Thueringer Schachbund"]
[Source "ThSB"]
[SourceDate "2025.09.14"]
[SourceVersion "1"]
[SourceVersionDate "2025.09.14"]
[SourceQuality "1"]
[WhiteTeam "TSG Apolda"]
[BlackTeam "SV 1861 Liebschwitz"]

{[%evp 0,83,38,20,19,19,39,21,14,12,68,10,12,5,8,16,43,29,22,21,48,58,66,55,49,28,52,31,102,51,78,0,-20,-19,-21,-22,-26,-4,-13,-29,-21,-90,-76,-141,-108,-108,-59,-102,-121,-97,-81,-136,-96,-73,-15,2,156,157,183,135,133,166,188,169,193,134,129,142,388,415,423,458,491,382,396,387,420,424,401,401,453,475,504,526,517,539]} 1. d4 Nf6 2. Nf3 g6 3. g3 Bg7 4. Bg2 c5 5. d5 d6 6. c4 O-O 7. O-O e5 8. dxe6 fxe6 9. Qc2 Qc7 10. Nc3 a6 11. Rd1 Nc6 12. a3 Rb8 13. Qd3 Rd8 14. e4 e5 15. h3 Nd4 16. Bg5 Qf7 17. Nxd4 cxd4 18. Nd5 Rf8 19. Rf1 Nxd5 20. exd5 Bf5 21. Qd1 h6 22. Bc1 h5 23. g4 hxg4 24. hxg4 Bd7 25. Be4 Qe7 26. f3 Qh4 27. Kg2 Kf7 28. Rh1 Qe7 29. Qd3 Ke8 30. Bxg6+ Kd8 31. Rh5 Kc7 32. Bd2 Rh8 33. Rah1 Rbf8 34. Bg5 Bf6 35. Rxh8 Bxg5 36. R1h7 Rxh8 37. Rxh8 Kb6 38. Rh7 Qd8 39. Qb3+ Ka7 40. Bf5 Bc8 41. c5 dxc5 42. d6 1-0

[Event "Thüringenliga 2025/26"]
[Site "?"]
[Date "2025.12.14"]
[Round "4.8"]
[White "Nurka, Mario"]
[Black "Walther, Cliff"]
[Result "0-1"]
[WhiteElo "1700"]
[BlackElo "1973"]
[WhiteFideId "-1"]
[BlackFideId "-1"]
[PlyCount "80"]
[GameId "2257617472439601"]
[EventDate "2025.09.14"]
[EventType "team-tourn"]
[EventRounds "9"]
[SourceTitle "Thueringer Schachbund"]
[Source "ThSB"]
[SourceDate "2025.09.14"]
[SourceVersion "1"]
[SourceVersionDate "2025.09.14"]
[SourceQuality "1"]
[WhiteTeam "SV 1861 Liebschwitz"]
[BlackTeam "TSG Apolda"]

{[%evp 0,80,38,19,19,0,6,-2,15,-17,1,7,1,9,4,8,2,-14,2,-22,4,12,43,7,39,21,33,20,45,29,82,76,60,52,51,43,31,8,23,4,-13,-5,10,-16,-32,-42,53,-44,-11,-155,-154,-147,-41,-193,-190,-212,-199,-207,-223,-215,-178,-182,-148,-147,-155,-307,-312,-320,-253,-282,-232,-281,-250,-276,-230,-259,-218,-268,-272,-258,-269,-282,-226]} 1. d4 Nf6 2. c4 e6 3. Nc3 Bb4 4. Qc2 c5 5. e3 O-O 6. Nf3 d5 7. a3 Bxc3+ 8. bxc3 Nc6 9. Bd3 dxc4 10. Bxc4 Qc7 11. Bd3 Na5 12. c4 Rd8 13. Bb2 h6 14. O-O Qe7 15. Rfd1 cxd4 16. Bxd4 Nc6 17. Bb2 b6 18. Ne5 Bb7 19. Rd2 Nxe5 20. Bxe5 Nd7 21. Bb2 Nc5 22. Rad1 e5 23. Bf1 Re8 24. g3 Be4 25. Qc3 a5 26. Bg2 Bxg2 27. Kxg2 Ne4 28. Qb3 Nxd2 29. Rxd2 Rad8 30. Rd5 Rxd5 31. cxd5 Qc5 32. f4 exf4 33. Bd4 Qd6 34. gxf4 Rd8 35. Qxb6 Qxd5+ 36. Kg3 Rd6 37. Qb8+ Rd8 38. Qb6 Rd6 39. Qb8+ Kh7 40. f5 Rc6 0-1